LEADER 00000ntm a22000007u 4500
001 zp27697
041 |a cze 
100 1 |a Kovaříková, Tereza  |4 dis 
245 1 0 |a Mapping 
246 |a Mapping 
260 |c 2012 
300 |a 41 (26 067) 
500 |a Studijní obor: Multimedia a design - Design skla 
500 |a Studijní obor: Multimedia and Design - Glass Design 
500 |a Ústav: Ústav prostorového a produktového designu 
500 |a Univerzita Tomáše Bati ve Zlíně. Fakulta multimediálních komunikací 
500 |a Tomas Bata University in Zlín. Faculty of Multimedia Communications 
506 |a Bez omezení 
653 |a Dětství jako zdroj inspirace 
653 |a retrospektiva života 
653 |a vyjádření v materiálu 
653 |a propojení příběhů 
653 |a životní fantazie 
653 |a představa a skutečnost 
653 |a spojující prvek: jedno místo 
653 |a jeden čas 
653 |a jeden dojem 
653 |a prostor k vyjádření 
653 |a Childhood as a source of inspiration 
653 |a retrospective of life 
653 |a expression of the material 
653 |a connection of stories 
653 |a imagination of life 
653 |a vision and reality 
653 |a the connecting element: one place at one time 
653 |a one impression 
653 |a the space for comments 
655 4 |a bakalářská práce 
700 1 |a Stanický, Petr  |4 ths 
710 2 |a Univerzita Tomáše Bati ve Zlíně. Fakulta multimediálních komunikací  |4 dgg 
710 2 |a Tomas Bata University in Zlín. Faculty of Multimedia Communications  |4 dgg 
856 4 0 |u http://hdl.handle.net/10563/23313  |y Plný text v Digitální knihovně UTB